أساسيات الهندسة الكهربائية. ج1 / (Record no. 6331)
[ view plain ]
| 000 -الفاتح | |
|---|---|
| حقل البيانات ثابتة الطول | 00952nac a22001811u 4500 |
| 008 - عناصر البيانات ثابتة الطول - معلومات عامة | |
| حقل البيانات ثابتة الطول | 101220s xxu||||| |||| 00| 0 ara d |
| 082 ## - رقم تصنيف ديوى العشرى | |
| رقم التصنيف | 621.3 |
| رقم المادة | ج ر ا |
| 100 1# - المدخل الرئيسى - إسم شخصى | |
| الإسم الشخصى | جراف ، هايتز |
| 9 (RLIN) | 17375 |
| 245 ## - بيان العنوان | |
| العنوان | أساسيات الهندسة الكهربائية. ج1 / |
| بيان المسئوليه,etc | هايتز جراف ؛ ترجمة إدوار يوسف قاضى ، أمين قاسم سليم |
| 260 ## - PUBLICATION, DISTRIBUTION, ETC. (IMPRINT) | |
| مكان الناشر او الموزع | القاهرة : |
| اسم الناشر او الموزع | مؤسسة الأهرام ، |
| تاريخ النشر أو التوزيع | [د . ت]. |
| 300 ## - الوصف المادى | |
| التعداد | 240 ص : |
| تفاصيل ماديه اخرى للوعاء | ايض ؛ |
| أبعاد الوعاء | 18 سم. |
| 490 #0 - بيان السلسلة | |
| -- | 17331 |
| عنوان السلسلة | الأسس التكنولوجية ؛ |
| -- | 16 |
| 650 ## - المدخل الاضافى بالموضوع-مصطلح موضوعى | |
| مصطلح موضوعي أو اسم جغرافي كعنصر مدخل | الهندسة الكهربائية |
| 9 (RLIN) | 17292 |
| 700 1# - المدخل الاضافى - اسم شخصى | |
| الإسم الشخصى | قاضى ، إدوار يوسف |
| 9 (RLIN) | 21588 |
| الدور | ترجمة |
| 700 1# - المدخل الاضافى - اسم شخصى | |
| الإسم الشخصى | سليم ، أمين قاسم |
| 9 (RLIN) | 21589 |
| الدور | ترجمة |
| 942 ## - عناصر المدخل الإضافي( كوها) | |
| Koha [default] item type | Book - Borrowing |
| سابقة رقم الطلب | 621.3 ج ر ا |
| مصدر التصنيف او مخطط الترفيف | Dewey Decimal Classification |
| حالة التراجع | حالة الفقد | مصدر التصنيف او خطة الترفيف | حالة تلف | ليس للاعارة | مجموعات كوها | المكان الدائم | المكان الحالي | موقع الترفيف | تاريخ الاكتساب | Source of acquisition | رقم الاستدعاء | الباركود | Date last seen | نوع الوعاء | تبصرة عامة |
|---|---|---|---|---|---|---|---|---|---|---|---|---|---|---|---|
| Dewey Decimal Classification | Alef-Baa | Central Library | Central Library | First floor | 21/11/2007 | 621.3 ج ر ا | 000007760 | 15/07/2025 | Book - Borrowing | ج 1 |